[Event "Labour Day op"]
[Site "Toronto CAN"]
[Date "1982.09.??"]
[Round "7"]
[White "Hartman, Brian"]
[Black "Murray, Peter"]
[Result "1-0"]
[WhiteElo "2264"]
[BlackElo "2196"]
[PlyCount "81"]
[GameId "2160767912848212"]
[EventDate "1982.09.04"]
[EventType "swiss"]
[EventRounds "6"]
[EventCountry "CAN"]
[SourceTitle "EXT 2022"]
[Source "ChessBase"]
[SourceDate "2021.10.06"]
[SourceVersion "1"]
[SourceVersionDate "2021.10.06"]
[SourceQuality "1"]

1. e4 c5 2. Nf3 d6 3. d4 cxd4 4. Nxd4 Nf6 5. Nc3 Nc6 6. Bc4 e6 7. Be3 a6 8. Qe2 Qc7 9. O-O-O Be7 10. Bb3 O-O 11. g4 Nxd4 12. Rxd4 b5 13. g5 Nd7 14. h4 Nc5 15. h5 Qb7 16. g6 h6 17. gxf7+ Rxf7 18. Rg1 Nxb3+ 19. axb3 b4 20. Na4 Qb5 21. Qd1 Kh8 22. Rc4 Bb7 23. Qg4 e5 24. Qe6 Qe8 25. Nb6 Rd8 26. Kb1 Bg5 27. Qxe8+ Rxe8 28. Bxg5 hxg5 29. Rxb4 Rf4 30. Nc4 Bc6 31. Rxg5 Rxe4 32. Rb6 Re1+ 33. Ka2 Bb5 34. Nxd6 Rf8 35. Nf5 Bd7 36. h6 g6 37. Ne7 Rxf2 38. Nxg6+ Kh7 39. Nxe5 Be8 40. Rg7+ Kh8 41. Rbb7 1-0

[Event "Laval op"]
[Site "Laval CAN"]
[Date "1982.04.02"]
[Round "1"]
[White "Balla, George"]
[Black "Bolduc, Steve"]
[Result "0-1"]
[WhiteElo "1706"]
[BlackElo "2039"]
[PlyCount "59"]
[GameId "2160767912848625"]
[EventDate "1982.04.02"]
[EventType "swiss"]
[EventRounds "5"]
[EventCountry "CAN"]
[SourceTitle "hb 2011"]

1. d4 d5 2. c4 dxc4 3. Nf3 Nf6 4. Nc3 c6 5. a4 Bf5 6. e3 e6 7. Bxc4 Bb4 8. O-O O-O 9. Bd3 Bg4 10. Na2 Bd6 11. Bd2 Nbd7 12. Nc3 e5 13. Be2 Re8 14. dxe5 Nxe5 15. Nxe5 Bxe2 16. Qxe2 Bxe5 17. Rfd1 Qe7 18. h3 h5 19. Qc4 Rad8 20. Be1 Bc7 21. a5 Rxd1 22. Nxd1 Qd6 23. g3 Nd7 24. Nc3 Ne5 25. Qe2 Qe6 26. Kg2 a6 27. b4 h4 28. Na4 hxg3 29. fxg3 Nc4 30. Bf2 0-1

[Event "Laval op"]
[Site "Laval CAN"]
[Date "1982.04.02"]
[Round "1"]
[White "Barbeau, Sylvain"]
[Black "Moshopoulos, Angelos"]
[Result "1-0"]
[WhiteElo "2268"]
[BlackElo "1774"]
[PlyCount "43"]
[GameId "2160767912848626"]
[EventDate "1982.04.02"]
[EventType "swiss"]
[EventRounds "5"]
[EventCountry "CAN"]
[SourceTitle "EXT 2022"]
[Source "ChessBase"]
[SourceDate "2021.10.06"]
[SourceVersion "1"]
[SourceVersionDate "2021.10.06"]
[SourceQuality "1"]

1. c4 Nf6 2. Nc3 g6 3. g3 Bg7 4. Bg2 c5 5. a3 Nc6 6. Rb1 d6 7. b4 Bf5 8. d3 Nd7 9. Bd2 O-O 10. h4 Qc8 11. h5 Nde5 12. Nd5 Qd7 13. Nh3 e6 14. Ne3 Rfe8 15. Nxf5 exf5 16. Kf1 cxb4 17. axb4 Nd4 18. hxg6 fxg6 19. Bd5+ Kh8 20. Ng5 h5 21. e3 Ndc6 22. Rxh5+ 1-0

[Event "Laval op"]
[Site "Laval CAN"]
[Date "1982.04.03"]
[Round "2"]
[White "Bolduc, Steve"]
[Black "Hemmeles, Bill"]
[Result "1-0"]
[WhiteElo "2039"]
[BlackElo "1904"]
[PlyCount "99"]
[GameId "2160767912848627"]
[EventDate "1982.04.02"]
[EventType "swiss"]
[EventRounds "5"]
[EventCountry "CAN"]
[SourceTitle "hb 2011"]

1. d4 d5 2. c4 c6 3. Nf3 Nf6 4. Nc3 e6 5. Bg5 Be7 6. cxd5 exd5 7. Qc2 O-O 8. e3 Ne4 9. Bxe7 Qxe7 10. Bd3 f5 11. O-O Be6 12. Rae1 Nd7 13. Nd2 Rae8 14. f3 Nxd2 15. Qxd2 Qd6 16. a3 Nb6 17. b4 a6 18. Re2 Bc8 19. Rb1 Qf6 20. f4 Bd7 21. a4 Nc4 22. Bxc4 dxc4 23. a5 Qd6 24. Na4 Be6 25. Nc5 Re7 26. Nxe6 Rxe6 27. Qc3 Qd5 28. Rc1 Rfe8 29. Kf2 g5 30. g3 g4 31. Qxc4 Qf3+ 32. Kg1 Kg7 33. Rf1 Qe4 34. Kf2 Rd6 35. Qc2 Qd5 36. Qc5 Qe6 37. Qe5+ Kf7 38. Qxe6+ Rdxe6 39. Rc1 Kf6 40. Rc5 Rd8 41. Re1 Rde8 42. Re5 Rd8 43. Rc1 Rxe5 44. fxe5+ Ke6 45. Rc5 Rd7 46. Ke2 h5 47. Kd3 Rf7 48. Rc2 Kd5 49. Rf2 Rf8 50. Rxf5 1-0

[Event "Laval op"]
[Site "Laval CAN"]
[Date "1982.04.04"]
[Round "4"]
[White "Jodoin, Pierre"]
[Black "Bolduc, Steve"]
[Result "1-0"]
[WhiteElo "1876"]
[BlackElo "2039"]
[PlyCount "83"]
[GameId "2160767912848630"]
[EventDate "1982.04.02"]
[EventType "swiss"]
[EventRounds "5"]
[EventCountry "CAN"]
[SourceTitle "hb 2011"]

1. e4 c6 2. c4 d5 3. exd5 cxd5 4. d4 Nf6 5. Nc3 e6 6. Nf3 Be7 7. Bf4 O-O 8. Rc1 b6 9. Be2 Bb7 10. O-O Nc6 11. a3 Rc8 12. cxd5 Nxd5 13. Bg3 Bf6 14. Ne4 Be7 15. Qd2 Nf6 16. Nxf6+ Bxf6 17. Rfd1 Ne7 18. Rxc8 Qxc8 19. Rc1 Qd8 20. Rc7 Qa8 21. Bd6 Nd5 22. Rxb7 Qxb7 23. Bxf8 Kxf8 24. Qc2 Qc7 25. Qxh7 Qc1+ 26. Bf1 Qxb2 27. Qd3 Qc3 28. Ne5 Bxe5 29. Qxc3 Nxc3 30. dxe5 Ke7 31. f4 Kd7 32. Kf2 Kc6 33. Bd3 Nb5 34. Bxb5+ Kxb5 35. h4 Kc6 36. g4 Kd7 37. Ke3 b5 38. h5 Ke7 39. g5 a5 40. Kd4 f6 41. Kc5 b4 42. axb4 1-0

[Event "Laval op"]
[Site "Laval CAN"]
[Date "1982.04.04"]
[Round "5"]
[White "Alain, Benoit"]
[Black "Wilkin, Alain"]
[Result "0-1"]
[WhiteElo "1821"]
[BlackElo "1719"]
[PlyCount "36"]
[GameId "2160767912848631"]
[EventDate "1982.04.02"]
[EventType "swiss"]
[EventRounds "5"]
[EventCountry "CAN"]
[SourceTitle "Bulletin Mauricie 8.1"]

1. d4 Nf6 2. c4 c5 3. d5 b5 4. cxb5 a6 5. Nc3 axb5 6. e4 b4 7. Nb5 d6 8. f3 g6 9. Bc4 Bg7 10. Ne2 Nbd7 11. a4 Nb6 12. Qd3 Bd7 13. Ra2 Nxc4 14. Qxc4 Qa5 15. Ned4 b3+ 16. Bd2 bxa2 17. Bxa5 a1=Q+ 18. Kf2 Qxb2+ 0-1

[Event "Laval op"]
[Site "Laval CAN"]
[Date "1982.04.04"]
[Round "5"]
[White "Bolduc, Steve"]
[Black "Girard, Jeannot"]
[Result "1-0"]
[WhiteElo "2039"]
[BlackElo "1675"]
[PlyCount "55"]
[GameId "2160767912848633"]
[EventDate "1982.04.02"]
[EventType "swiss"]
[EventRounds "5"]
[EventCountry "CAN"]
[SourceTitle "hb 2011"]

1. d4 Nf6 2. c4 g6 3. Nc3 d5 4. Nf3 Bg7 5. Qb3 c6 6. cxd5 cxd5 7. Bg5 e6 8. e3 O-O 9. Bd3 Nbd7 10. O-O Qb6 11. Qc2 Re8 12. Nb5 Re7 13. Bf4 a6 14. Bc7 Qc6 15. Qe2 axb5 16. Rfc1 Qa6 17. Bxb5 Qa7 18. Rc3 Ne4 19. Ra3 Nc3 20. Rxc3 b6 21. Bd6 Re8 22. Rc7 Qa5 23. a3 Nc5 24. b4 Qxb4 25. axb4 Rxa1+ 26. Ne1 Ba6 27. Bxa6 Nxa6 28. Ra7 1-0

[Event "Le Backgammon"]
[Site "Montreal CAN"]
[Date "1982.06.06"]
[Round "1"]
[White "Delva, Jean"]
[Black "Morin, Louis"]
[Result "1-0"]
[WhiteElo "1967"]
[BlackElo "1830"]
[PlyCount "63"]
[GameId "2160767912848510"]
[EventDate "1982.06.06"]
[EventType "swiss"]
[EventRounds "5"]
[EventCountry "CAN"]
[SourceTitle "hb 2013"]

1. d4 Nf6 2. c4 e6 3. Nf3 d5 4. Nc3 Be7 5. e3 O-O 6. Bd3 c5 7. O-O Nc6 8. a3 b6 9. Qd2 Na5 10. Qe2 Nxc4 11. dxc5 Bxc5 12. b3 Na5 13. b4 Nb3 14. bxc5 Nxa1 15. Qb2 bxc5 16. Qxa1 Bb7 17. Ne2 Qe7 18. Bb2 Rfc8 19. Rb1 Ne8 20. Bc3 f6 21. Rb2 Rab8 22. Qb1 g6 23. Nf4 Qd6 24. Rxb7 Rxb7 25. Qxb7 Rb8 26. Qxa7 e5 27. Nxd5 Rd8 28. Bc4 Kh8 29. h3 e4 30. Ng5 Rd7 31. Qa8 Qf8 32. Bxf6+ 1-0

[Event "Le Backgammon"]
[Site "Montreal CAN"]
[Date "1982.06.06"]
[Round "2"]
[White "Morin, Louis"]
[Black "Beauchamp, Jean-Pierre"]
[Result "0-1"]
[WhiteElo "1830"]
[BlackElo "2157"]
[PlyCount "80"]
[GameId "2160767912848511"]
[EventDate "1982.06.06"]
[EventType "swiss"]
[EventRounds "5"]
[EventCountry "CAN"]
[SourceTitle "hb 2013"]

1. e4 c5 2. c3 Nf6 3. e5 Nd5 4. d4 e6 5. Bc4 d6 6. Bxd5 exd5 7. exd6 Bxd6 8. Nf3 O-O 9. O-O Bg4 10. Be3 b6 11. Kh1 c4 12. Nbd2 Nd7 13. h3 Bh5 14. Re1 h6 15. Nf1 Qc7 16. g4 Bg6 17. Qd2 Be4 18. Qd1 f5 19. g5 f4 20. Bc1 hxg5 21. Rxe4 dxe4 22. Nxg5 Rae8 23. d5 Nf6 24. Ne6 Qd7 25. f3 Rxe6 26. dxe6 Qxe6 27. Kg2 e3 28. Qe2 Kf7 29. Nh2 Rh8 30. Ng4 Nxg4 31. hxg4 b5 32. Qc2 Qd5 33. Qe4 Qxe4 34. fxe4 a5 35. b4 axb4 36. cxb4 Bxb4 37. Kf3 g5 38. Bxe3 Rh3+ 39. Kf2 Rxe3 40. Rb1 c3 0-1

[Event "Le Backgammon"]
[Site "Montreal CAN"]
[Date "1982.06.07"]
[Round "3"]
[White "Morin, Louis"]
[Black "Auclair, Christian"]
[Result "1-0"]
[WhiteElo "1830"]
[BlackElo "1567"]
[PlyCount "51"]
[GameId "2160767912848512"]
[EventDate "1982.06.06"]
[EventType "swiss"]
[EventRounds "5"]
[EventCountry "CAN"]
[SourceTitle "hb 2013"]

1. e4 c5 2. Nf3 d6 3. d4 cxd4 4. Nxd4 Nf6 5. Nc3 a6 6. Be2 e5 7. Nb3 Be7 8. Bg5 Nbd7 9. Qd2 b5 10. Nd5 Nxe4 11. Bxe7 Nxd2 12. Bxd8 Nxb3 13. axb3 Kxd8 14. Bxb5 Bb7 15. Bxd7 Bxd5 16. Bh3 Be4 17. c3 a5 18. Kd2 Kc7 19. Ra4 Bd5 20. Rha1 Kb6 21. b4 axb4 22. Rxb4+ Kc5 23. Bd7 Bc4 24. Rxa8 Rxa8 25. Rb7 Bd5 26. Rb5+ 1-0

[Event "Le Backgammon"]
[Site "Montreal CAN"]
[Date "1982.06.09"]
[Round "5"]
[White "Di Cecco, Giovanni"]
[Black "Morin, Louis"]
[Result "0-1"]
[WhiteElo "1571"]
[BlackElo "1830"]
[PlyCount "34"]
[GameId "2160767912848514"]
[EventDate "1982.06.06"]
[EventType "swiss"]
[EventRounds "5"]
[EventCountry "CAN"]
[SourceTitle "hb 2013"]

1. e4 c5 2. d4 cxd4 3. Qxd4 Nc6 4. Qd5 Nf6 5. Qc4 e6 6. Bf4 e5 7. Be3 d5 8. exd5 Nxd5 9. Bd3 Nxe3 10. fxe3 Be6 11. Qe4 f5 12. Qa4 Qb6 13. Qb5 Qxe3+ 14. Ne2 O-O-O 15. Nbc3 a6 16. Nd1 Qxe2+ 17. Kxe2 axb5 0-1

[Event "Ledain mem"]
[Site "Montreal CAN"]
[Date "1982.04.09"]
[Round "2"]
[White "Morin, Louis"]
[Black "Bolduc, Steve"]
[Result "0-1"]
[WhiteElo "1863"]
[BlackElo "2039"]
[PlyCount "74"]
[GameId "2160767912848585"]
[EventDate "1982.04.09"]
[EventType "swiss"]
[EventRounds "6"]
[EventCountry "CAN"]
[SourceTitle "EXT 2022"]
[Source "ChessBase"]
[SourceDate "2021.10.06"]
[SourceVersion "1"]
[SourceVersionDate "2021.10.06"]
[SourceQuality "1"]

1. e4 c6 2. d4 d5 3. Nc3 dxe4 4. Nxe4 Nd7 5. Bc4 Ngf6 6. Ng5 e6 7. Qe2 Nb6 8. Bd3 c5 9. N1f3 cxd4 10. Ne5 Bb4+ 11. Bd2 Bxd2+ 12. Qxd2 O-O 13. O-O-O Qd5 14. Qf4 Nbd7 15. Nexf7 e5 16. Qf5 Rxf7 17. Nxf7 Kxf7 18. Kb1 Nc5 19. Qg5 Be6 20. c4 Qd6 21. Qg3 Nxd3 22. Qxd3 Rc8 23. b3 b5 24. cxb5 Qd7 25. Ka1 Bf5 26. Qe2 e4 27. Rc1 d3 28. Qe3 Qxb5 29. Qxa7+ Kg6 30. Qd4 Ra8 31. Qc4 Qa5 32. b4 Qe5+ 33. Qc3 Qd5 34. Qb2 Be6 35. a3 d2 36. Rcd1 Qd3 37. Qxd2 Rxa3+ 0-1

[Event "Ledain mem"]
[Site "Montreal CAN"]
[Date "1982.04.10"]
[Round "3"]
[White "Bolduc, Steve"]
[Black "Picard, Claude"]
[Result "1-0"]
[WhiteElo "2039"]
[BlackElo "1933"]
[PlyCount "105"]
[GameId "2160767912848586"]
[EventDate "1982.04.09"]
[EventType "swiss"]
[EventRounds "6"]
[EventCountry "CAN"]
[SourceTitle "EXT 2022"]
[Source "ChessBase"]
[SourceDate "2021.10.06"]
[SourceVersion "1"]
[SourceVersionDate "2021.10.06"]
[SourceQuality "1"]

1. d4 Nf6 2. c4 e6 3. Nc3 Bb4 4. e3 O-O 5. Nge2 c5 6. a3 Bxc3+ 7. Nxc3 d6 8. Be2 Nc6 9. O-O e5 10. d5 Ne7 11. e4 Ng6 12. g3 Bh3 13. Re1 Qd7 14. b4 b6 15. Bf3 Ne8 16. Bg2 Bxg2 17. Kxg2 f5 18. bxc5 bxc5 19. Rb1 f4 20. f3 Qf7 21. Rf1 Rd8 22. Ne2 Rd7 23. Ng1 Qf6 24. Rb8 Qg5 25. g4 Rdf7 26. Rf2 Nf6 27. Rfb2 h5 28. h3 Qh4 29. Qe2 Qg3+ 30. Kf1 Nh4 31. R8b3 Nh7 32. Bd2 Ng5 33. Be1 Nhxf3 34. Bxg3 fxg3 35. Nxf3 Nxf3 36. Kg2 Nd4 37. Qe1 h4 38. Rb8 Kh7 39. Rxf8 Rxf8 40. Rb7 Nc2 41. Qd2 Rf2+ 42. Qxf2 gxf2 43. Rxa7 Kg6 44. Kxf2 Kg5 45. Rxg7+ Kf4 46. a4 Kxe4 47. a5 Nb4 48. Rd7 Kd4 49. Rxd6 e4 50. a6 Nd3+ 51. Kf1 e3 52. a7 Nf4 53. Re6 1-0

[Event "Ledain mem"]
[Site "Montreal CAN"]
[Date "1982.04.11"]
[Round "5"]
[White "Bolduc, Steve"]
[Black "Alvarez, Jose Luis"]
[Result "0-1"]
[WhiteElo "2039"]
[BlackElo "1119"]
[PlyCount "58"]
[GameId "2160767912848589"]
[EventDate "1982.04.09"]
[EventType "swiss"]
[EventRounds "6"]
[EventCountry "CAN"]
[SourceTitle "EXT 2022"]
[Source "ChessBase"]
[SourceDate "2021.10.06"]
[SourceVersion "1"]
[SourceVersionDate "2021.10.06"]
[SourceQuality "1"]

1. d4 f5 2. c4 e6 3. g3 Nf6 4. Bg2 Be7 5. Nc3 O-O 6. Qb3 c5 7. d5 e5 8. Nh3 Na6 9. O-O d6 10. f3 Nh5 11. e3 Nc7 12. Nf2 Rb8 13. a4 b6 14. f4 exf4 15. exf4 Bd7 16. Qc2 a6 17. Re1 Nf6 18. Ra3 Nfe8 19. Na2 b5 20. axb5 axb5 21. b4 bxc4 22. bxc5 dxc5 23. Rae3 Bf6 24. Qxc4 Nb5 25. Re5 Qa5 26. Qc2 Bxe5 27. Rxe5 Nd4 28. Bd2 Nxc2 29. Bxa5 Rb1+ 0-1

[Event "Ledain mem"]
[Site "Montreal CAN"]
[Date "1982.04.11"]
[Round "6"]
[White "Lake, Perry"]
[Black "Bolduc, Steve"]
[Result "0-1"]
[WhiteElo "2096"]
[BlackElo "2039"]
[PlyCount "56"]
[GameId "2160767912848591"]
[EventDate "1982.04.09"]
[EventType "swiss"]
[EventRounds "6"]
[EventCountry "CAN"]
[SourceTitle "EXT 2022"]
[Source "ChessBase"]
[SourceDate "2021.10.06"]
[SourceVersion "1"]
[SourceVersionDate "2021.10.06"]
[SourceQuality "1"]

1. e4 c6 2. d4 d5 3. exd5 cxd5 4. Be2 Nc6 5. f4 g6 6. Nf3 Bg4 7. Nbd2 Bg7 8. c3 h5 9. Ne5 Bxe2 10. Qxe2 Nxe5 11. fxe5 e6 12. O-O Nh6 13. Nf3 Rc8 14. Bg5 Qc7 15. Nh4 Nf5 16. Rf3 Bf8 17. Nxf5 gxf5 18. Rh3 Qc4 19. Qf3 b5 20. Bf6 Rh7 21. Qg3 Rh6 22. Qe3 Rg6 23. Bg5 b4 24. cxb4 Qxb4 25. Rxh5 Qxb2 26. Rc1 Rc4 27. Rd1 Rc2 28. Rd2 Qc1+ 0-1

[Event "Lundi soir"]
[Site "Montreal CAN"]
[Date "1982.01.11"]
[Round "1"]
[White "Morin, Louis"]
[Black "Bilodeau, Marcel"]
[Result "1/2-1/2"]
[WhiteElo "1929"]
[BlackElo "1850"]
[PlyCount "87"]
[GameId "2160767912848896"]
[EventDate "1982.01.11"]
[EventType "tourn"]
[EventRounds "3"]
[EventCountry "CAN"]
[SourceTitle "hb 2013"]

1. e4 e5 2. Nf3 Nc6 3. Bb5 a6 4. Bxc6 dxc6 5. O-O f6 6. d4 Bg4 7. dxe5 Qxd1 8. Rxd1 fxe5 9. Rd3 Bd6 10. Nbd2 O-O-O 11. Nc4 Bxf3 12. gxf3 h6 13. Be3 b5 14. Nxd6+ Rxd6 15. Rad1 Rxd3 16. Rxd3 Nf6 17. f4 exf4 18. Bxf4 Nxe4 19. Re3 Re8 20. f3 Nf6 21. Rxe8+ Nxe8 22. Kf2 Kd7 23. Ke3 g5 24. Bg3 Nd6 25. Be5 Ke6 26. Bc3 Kf5 27. b3 c5 28. Ba5 c6 29. Bc7 Ke6 30. Bxd6 Kxd6 31. Ke4 Ke6 32. c4 a5 33. h3 h5 34. f4 g4 35. hxg4 hxg4 36. f5+ Kf6 37. Kf4 g3 38. Kxg3 Kxf5 39. Kf3 Ke5 40. Ke3 b4 41. Kd3 Kf4 42. Kd2 Ke4 43. Ke2 Kd4 44. Kd2 1/2-1/2

[Event "Lundi soir"]
[Site "Montreal CAN"]
[Date "1982.01.18"]
[Round "2"]
[White "Roy, Guy"]
[Black "Morin, Louis"]
[Result "1/2-1/2"]
[WhiteElo "1927"]
[BlackElo "1929"]
[PlyCount "75"]
[GameId "2160767912848897"]
[EventDate "1982.01.11"]
[EventType "tourn"]
[EventRounds "3"]
[EventCountry "CAN"]
[SourceTitle "hb 2013"]

1. e4 e5 2. Nf3 d6 3. d4 Nf6 4. Nc3 Nbd7 5. Bc4 Be7 6. O-O O-O 7. Qe2 c6 8. a4 a5 9. h3 Qe8 10. Bg5 h6 11. Bh4 Nh5 12. dxe5 Bxh4 13. Nxh4 Nf4 14. Qe3 Qxe5 15. g3 Nxh3+ 16. Kg2 Nf6 17. Ng6 Qh5 18. Ne7+ Kh8 19. Nxc8 Ng4 20. Qd2 Raxc8 21. Rh1 Ne5 22. Be2 Qg5 23. f4 Nxf4+ 24. Qxf4 Qg6 25. Raf1 Rce8 26. g4 Kg8 27. Rh5 f6 28. Rfh1 Rf7 29. Rf5 Ref8 30. Qg3 Rd7 31. b3 Qe8 32. Qe3 Re7 33. Qd2 Rd7 34. Qf4 Qd8 35. Bc4+ Kh7 36. Be2 Kg8 37. Kg3 Qc7 38. Kg2 1/2-1/2

[Event "Lundi soir"]
[Site "Montreal CAN"]
[Date "1982.01.25"]
[Round "3"]
[White "Morin, Louis"]
[Black "Delva, Jean"]
[Result "0-1"]
[WhiteElo "1929"]
[BlackElo "2048"]
[PlyCount "84"]
[GameId "2160767912848898"]
[EventDate "1982.01.11"]
[EventType "tourn"]
[EventRounds "3"]
[EventCountry "CAN"]
[SourceTitle "hb 2013"]

1. e4 c5 2. c3 Nf6 3. e5 Nd5 4. d4 cxd4 5. Qxd4 e6 6. Bc4 Nc6 7. Qe4 d6 8. exd6 Nf6 9. Qe2 Bxd6 10. Bg5 h6 11. Bh4 O-O 12. Nf3 Be7 13. O-O Qb6 14. Bb3 a5 15. Nbd2 a4 16. Nc4 Qb5 17. Bd1 Rd8 18. Ne3 Qxe2 19. Bxe2 g5 20. Bg3 Ne4 21. Rfd1 a3 22. Rxd8+ Bxd8 23. b3 f5 24. Bd3 Nc5 25. Nxf5 exf5 26. Bc4+ Be6 27. Bxe6+ Nxe6 28. Bd6 Bf6 29. Re1 Kf7 30. c4 Rd8 31. c5 g4 32. Nd2 Bc3 33. Rd1 Bb4 34. Nc4 Bxc5 35. Rd5 Bxd6 36. Nxd6+ Kg6 37. f3 Nb4 38. Rd2 Nc5 39. fxg4 fxg4 40. h4 b6 41. Rd4 Nxa2 42. h5+ Kxh5 0-1

[Event "Lundi soir-2"]
[Site "Montreal CAN"]
[Date "1982.03.08"]
[Round "1"]
[White "Morin, Louis"]
[Black "Balla, George"]
[Result "1-0"]
[WhiteElo "1852"]
[BlackElo "1745"]
[PlyCount "93"]
[GameId "2160767912848683"]
[EventDate "1982.03.08"]
[EventType "tourn"]
[EventRounds "3"]
[EventCountry "CAN"]
[SourceTitle "hb 2013"]

1. e4 e5 2. f4 d6 3. Nf3 Bg4 4. Bc4 Nf6 5. d4 Bxf3 6. Qxf3 Nbd7 7. Qb3 Be7 8. Bxf7+ Kf8 9. fxe5 dxe5 10. O-O exd4 11. Bh5 g6 12. Bh6+ Ke8 13. Bg7 Rf8 14. Bxf8 Kxf8 15. Be2 Kg7 16. Nd2 Bc5 17. Bd3 b6 18. Qe6 Bd6 19. Rxf6 Nxf6 20. e5 Bxe5 21. Qxe5 Qd7 22. Rf1 Qd6 23. Qxd6 cxd6 24. Ne4 Nxe4 25. Bxe4 Re8 26. Bd3 Re5 27. b4 a5 28. a3 d5 29. g3 h6 30. Kg2 g5 31. Rf5 Rxf5 32. Bxf5 Kf6 33. g4 Ke5 34. Kf3 d3 35. c3 d2 36. Ke2 Kf4 37. Kxd2 h5 38. h3 h4 39. Kd3 Kg3 40. Kd4 Kxh3 41. Kxd5 Kg3 42. c4 h3 43. c5 axb4 44. axb4 bxc5 45. bxc5 h2 46. Be4 Kxg4 47. c6 1-0

[Event "Lundi soir-2"]
[Site "Montreal CAN"]
[Date "1982.03.15"]
[Round "2"]
[White "Mongeau, Bernard"]
[Black "Morin, Louis"]
[Result "0-1"]
[WhiteElo "1750"]
[BlackElo "1852"]
[PlyCount "114"]
[GameId "2160767912848684"]
[EventDate "1982.03.08"]
[EventType "tourn"]
[EventRounds "3"]
[EventCountry "CAN"]
[SourceTitle "hb 2013"]

1. d4 e6 2. c4 Nf6 3. Nc3 d5 4. Bg5 Nbd7 5. e3 Be7 6. Nf3 O-O 7. Rc1 a6 8. Qa4 dxc4 9. Bxc4 b5 10. Bxb5 Nb6 11. Qb3 axb5 12. Nxb5 Nfd5 13. Bxe7 Qxe7 14. O-O Ba6 15. a3 Rab8 16. Ne5 Bxb5 17. Qxb5 Na8 18. Qe2 Rb6 19. Rc2 Qe8 20. Rfc1 Qb5 21. Qf3 Nf6 22. h3 Qd5 23. Qd1 Nd7 24. Nc6 Qa2 25. Nb4 Qb3 26. Qf3 e5 27. Qf5 Qe6 28. Qxe6 fxe6 29. d5 Nf6 30. dxe6 Rxe6 31. Rc6 Rxc6 32. Rxc6 Rd8 33. Re6 e4 34. g4 h6 35. Re7 Kf8 36. Re6 Nb6 37. Nc6 Rd5 38. Re7 Rd1+ 39. Kg2 Nbd5 40. Re5 Rd2 41. Kg3 Rxb2 42. h4 Nc3 43. g5 hxg5 44. hxg5 Nfd5 45. a4 Rb6 46. Rf5+ Ke8 47. Nd4 g6 48. Re5+ Kf7 49. Nb5 Nxb5 50. Rxd5 Nd6 51. Rc5 c6 52. Kf4 Ke6 53. f3 exf3 54. Re5+ Kd7 55. Kxf3 Ra6 56. a5 Nc4 57. Rc5 Nd2+ 0-1

[Event "Lundi soir-2"]
[Site "Montreal CAN"]
[Date "1982.03.22"]
[Round "3"]
[White "Morin, Louis"]
[Black "Richard, Daniel"]
[Result "1-0"]
[WhiteElo "1852"]
[BlackElo "1883"]
[PlyCount "95"]
[GameId "2160767912848685"]
[EventDate "1982.03.08"]
[EventType "tourn"]
[EventRounds "3"]
[EventCountry "CAN"]
[SourceTitle "hb 2013"]

1. e4 Nf6 2. Nc3 d5 3. e5 d4 4. exf6 dxc3 5. fxg7 cxd2+ 6. Qxd2 Qxd2+ 7. Bxd2 Bxg7 8. O-O-O O-O 9. Bc4 Nc6 10. f3 Ne5 11. Bb3 a5 12. a3 Rd8 13. Ne2 b6 14. Bf4 Ba6 15. Nc3 Rxd1+ 16. Rxd1 e6 17. Re1 Nd7 18. Bxc7 Rc8 19. Bf4 Bxc3 20. bxc3 Rxc3 21. Kb2 Rc8 22. Rxe6 fxe6 23. Bxe6+ Kg7 24. Bxd7 Rc5 25. Be3 Rd5 26. Bc6 Rd6 27. Be4 Bc4 28. Kc3 Bd5 29. Bxd5 Rxd5 30. Bxb6 Rg5 31. g4 h5 32. h3 hxg4 33. hxg4 Kf7 34. Kd4 Rb5 35. Bc5 Rb2 36. c4 Rf2 37. Ke4 Re2+ 38. Kd5 Rd2+ 39. Kc6 Rd3 40. f4 Rf3 41. Bd6 Rc3 42. c5 Rxa3 43. Kd7 Rg3 44. g5 a4 45. c6 a3 46. c7 a2 47. c8=Q a1=Q 48. Qe8+ 1-0

[Event "Mardi LEM"]
[Site "Montreal CAN"]
[Date "1982.08.31"]
[Round "1"]
[White "Morin, Louis"]
[Black "Meneghini, Quirino"]
[Result "1/2-1/2"]
[WhiteElo "1893"]
[BlackElo "1736"]
[PlyCount "108"]
[GameId "2160767912848232"]
[EventDate "1982.08.31"]
[EventType "tourn"]
[EventRounds "3"]
[EventCountry "CAN"]
[SourceTitle "hb 2013"]

1. e4 e6 2. d4 d5 3. Nc3 Nf6 4. Bg5 Bb4 5. e5 h6 6. Bd2 Bxc3 7. bxc3 Ne4 8. Qg4 g6 9. Bd3 Nxd2 10. Kxd2 c5 11. Nf3 Nc6 12. Qf4 g5 13. Qf6 Qxf6 14. exf6 c4 15. Be2 Bd7 16. h4 g4 17. Ne5 Nxe5 18. dxe5 Rg8 19. Rag1 O-O-O 20. f3 g3 21. Ke3 Ba4 22. Bd1 Rd7 23. f4 Rgd8 24. Kd4 b5 25. a3 a5 26. Rh3 Rg8 27. Rf1 Rb7 28. Rf3 Rg4 29. Ke3 b4 30. axb4 axb4 31. cxb4 d4+ 32. Kxd4 Rd7+ 33. Kxc4 Rxd1 34. c3 Rg1 35. Rhxg3 Rxg2 36. Rxg2 Rxg2 37. f5 Bd7 38. fxe6 Bxe6+ 39. Kc5 Kc7 40. Rf4 Re2 41. Kd4 Rd2+ 42. Ke3 Rd1 43. Rd4 Re1+ 44. Kf4 Rc1 45. Rd6 Rf1+ 46. Ke3 Rf5 47. Ke4 Rxf6 48. c4 Rg6 49. Rd4 Rg4+ 50. Kd3 Bf5+ 51. Ke3 Rg1 52. Kf4 Be6 53. Ke4 Kb6 54. Kd3 Rg3+ 1/2-1/2

[Event "Mardi LEM"]
[Site "Montreal CAN"]
[Date "1982.09.07"]
[Round "2"]
[White "Girouard, Michel"]
[Black "Morin, Louis"]
[Result "1-0"]
[WhiteElo "1722"]
[BlackElo "1893"]
[PlyCount "143"]
[GameId "2160767912848233"]
[EventDate "1982.08.31"]
[EventType "tourn"]
[EventRounds "3"]
[EventCountry "CAN"]
[SourceTitle "hb 2013"]

1. e4 e6 2. d3 d5 3. Nd2 c5 4. Ngf3 Nc6 5. g3 g6 6. Bg2 Bg7 7. O-O Nge7 8. c3 O-O 9. a4 b6 10. Qc2 Ba6 11. Rd1 Rc8 12. Nb1 Qd7 13. Na3 Rfd8 14. exd5 Nxd5 15. Nc4 Bxc4 16. dxc4 Ndb4 17. Qd2 Qxd2 18. Rxd2 Rxd2 19. Bxd2 Nd3 20. Rb1 Na5 21. b3 Rd8 22. Kf1 Ne5 23. Ke2 Nxf3 24. Bxf3 Kf8 25. Be4 Ke7 26. f4 f5 27. Bd3 Nb7 28. Be1 e5 29. fxe5 Bxe5 30. Bc2 Ke6 31. Rd1 Rxd1 32. Bxd1 Nd6 33. Kd3 h6 34. Bf3 Bf6 35. b4 Ke5 36. bxc5 bxc5 37. Bd5 g5 38. Bf2 Ne4 39. Be3 Be7 40. a5 Bf8 41. a6 Nf6 42. Bf3 Kd6 43. h3 Nd7 44. Bd5 Bg7 45. Bf2 Be5 46. Be1 Bf6 47. Bf2 Nb8 48. Bb7 Nc6 49. Kd2 Be5 50. Ke3 f4+ 51. gxf4 Bxf4+ 52. Ke2 Ne5 53. Bd5 h5 54. Bg1 Nd7 55. Bf2 g4 56. hxg4 hxg4 57. Bg1 Nb6 58. Bf7 Na4 59. Kd3 Be5 60. Bf2 g3 61. Bg1 Nxc3 62. Bh5 Kc6 63. Bf3+ Kb6 64. Bb7 Bf6 65. Be3 Be5 66. Bg1 Bf4 67. Kxc3 Be5+ 68. Kd3 g2 69. Ke2 Bd4 70. Bxd4 cxd4 71. Bxg2 Kxa6 72. Kd3 1-0